01262nam a2200253 i 4500001000700000003000900007005001700016008004100033245017500074260008200249300004600331597005700377597002500434597001100459599003700470650003200507650003600539700005100575700003000626740008400656852011900740999001900859952013000878165945ES-MaACL20250826015757.0960604s1780 fr a e 001 0 lat d00aTable analytique et raisonnée des matieres contenues dans les XXXIII volumes in-folio du dictionnaire des sciences, des arts et des mètiers, et dans son supplément. aA Paris : bchez Panckoucke ; aA Amsterdam : bchez Marc-Michel Rey, c1780. a2 v. ([4], 944 p. ; [4], 907 p.) ; cFol. aSign.: []2, A-10Z2, 11A-11F2 ; []2, A-9Z2, 10A-10V2. aPort. con grab. xil. aAntep. aGrab. xil. en cabecera de texto. 4aArte-vDiccionarios.910094 4aCiencias-vDiccionarios.9109731 aPanckoucke, Charles-Joseph,d1736-179891666451 aRey, Marc-Michel.913174902aDictionnaire des sciences, des arts et des mètiers, et dans son supplément.4 aES-MaACLjR-2138-39 z- Enc. pasta con hierros dorados z- Ex-libris del duque de Hyjar x- Olim: C-10433 c165945d165945 001040708LIBXVIIIaATENEOMbATENEOMcDEPOd2008-01-17eDONl0oR-2138-39p1174030r2023-02-23 00:00:00w2023-02-23yMONANT